000 01011nam a2200169Ia 4500
008 220216s9999 xx 000 0 und d
100 _aPillai P S
245 0 _aTyre rolling resistance from tyre hysteresis and dimensions
260 _bIndian Journal of Natural Rubber Research
_c1993
300 _a4-Jan
520 _aRolling resistance of tyre is dependent both on tyre dimensions and compound characteristics such as hysteresis. Separate equations have been developed to correlate the above factors with tyre rolling resistance. This paper establishes a one to one correspondence between the rolling resistance equation in terms of whole tyre hysteresis ratio and the equation in terms of tyre dimensions. The two expressions have been successfully tested for a wide range of tyres. The excellent correspondence of these data indicates the generality of the concept.
650 _aAspect ratio
650 _aHysteresis
650 _aNatural rubber
650 _aTyre rolling resistance
942 _cJS
999 _c71676
_d71676